000 00981nam a22003257a 4500
001 BR7200509
003 BR-BrBNA
005 20230928083804.0
007 ta
008 230509b bl.||||| |||| 00| 0 por d
040 _aBR-BrBNA
_bpor
_cBiblioteca Nacional de Agricultura
041 _a(Por)
072 _aD50; K10; K20
_b/G514
_b/GZ72
090 _ D50 BR7200509
100 1 _aCastro, J.L. de
100 1 _aDonadio, D.
245 1 _aIncentivos fiscais para o florestamento e reflorestamento [Legislacao; Economia florestal; Brasil]
_bNormas gerais e procedimentos contabeis regimes da Lei 5.106/66 e do Dec.-Lei 1.134/70
260 3 _aSao Paulo, SP (Brasil):
_c1972.
300 _a179 p.
500 _a17 tables
650 _aLEGISLACAO
650 _aLEI
650 _aDECRETO-LEI
650 _aFLORESTA
650 _aREFLORESTAMENTO
650 _aECONOMIA FLORESTAL
650 _aINCENTIVO FLORESTAL
909 _a202309
_bLucia
_c55
_dLucia Elande
942 _cBK
999 _c15246
_d15246